000 00679nam a2200277Ia 4500
005 20260324112119.0
008 008 260324s9999 xx 000 0 eng d
020 _a9781003481966
037 _aEBOOK
040 _aCRL
040 _beng
040 _cCRL
041 _2eng
041 _aeng
084 _qCRL
100 _aS. Mohammad Mozaffari
_91141354
245 0 _aReflections on Observational Astronomy in the Medieval Islamic Period
260 _bTaylor and Francis
260 _c2024
365 _a
365 _b240
856 _uhttp://www.taylorfrancis.com/books/9781003481966
942 _cEBOOK
999 _c1730434
_d1730434